The Ancient ruins of Rhodesia (Record no. 2433)
[ view plain ]
| 000 -LEADER | |
|---|---|
| fixed length control field | 00612nam a2200241Ia 4500 |
| 003 - CONTROL NUMBER IDENTIFIER | |
| control field | 0100 |
| 008 - FIXED-LENGTH DATA ELEMENTS--GENERAL INFORMATION | |
| fixed length control field | 130227s9999 xx 000 0 und d |
| 040 ## - CATALOGING SOURCE | |
| Transcribing agency | DAVIDBEACH |
| 050 ## - LIBRARY OF CONGRESS CALL NUMBER | |
| Classification number | SPC. DT957.H17 1972 |
| 100 ## - MAIN ENTRY--PERSONAL NAME | |
| Personal name | Hall, Richard Nicklin |
| 9 (RLIN) | 29849 |
| 245 #4 - TITLE STATEMENT | |
| Title | The Ancient ruins of Rhodesia |
| Remainder of title | Monomotapae Imperium |
| Statement of responsibility, etc | R.N. Hall and W.G. Neal |
| 250 ## - EDITION STATEMENT | |
| Edition statement | 2nd edition |
| 260 ## - PUBLICATION, DISTRIBUTION, ETC. (IMPRINT) | |
| Place of publication, distribution, etc | Bulawayo |
| Name of publisher, distributor, etc | Books of Rhodesia |
| Date of publication, distribution, etc | 1972 |
| 300 ## - PHYSICAL DESCRIPTION | |
| Extent | xlviii, 404p. ; |
| Dimensions | 21cm |
| 440 ## - SERIES STATEMENT/ADDED ENTRY--TITLE | |
| Title | Rhodesiana reprint library: Gold series |
| 9 (RLIN) | 29850 |
| Number of part/section of a work | 23 |
| 650 ## - SUBJECT ADDED ENTRY--TOPICAL TERM | |
| Topical term following geographic name as entry element | Monomotapa |
| 9 (RLIN) | 29851 |
| 650 ## - SUBJECT ADDED ENTRY--TOPICAL TERM | |
| Topical term following geographic name as entry element | Rhodesia, Southern |
| General subdivision | Antiquities |
| 9 (RLIN) | 29852 |
| 700 ## - ADDED ENTRY--PERSONAL NAME | |
| Personal name | Neal, W. G. |
| 9 (RLIN) | 29853 |
| 942 ## - ADDED ENTRY ELEMENTS (KOHA) | |
| Source of classification or shelving scheme | Library of Congress Classification |
| Item type | SPC |
| Withdrawn status | Lost status | Source of classification or shelving scheme | Damaged status | Not for loan | Collection code | Home library | Current library | Shelving location | Date acquired | Total Checkouts | Full call number | Barcode | Date last seen | Price effective from | Koha item type | Date last borrowed | Copy number |
|---|---|---|---|---|---|---|---|---|---|---|---|---|---|---|---|---|---|
| Library of Congress Classification | Main Collection | ARRUPE LIBRARY | ARRUPE LIBRARY | Main Collection | 28/04/2014 | DT957.H17 1972 | 46500000837 | 07/12/2017 | 28/04/2014 | Monograph ( Printed materials) | |||||||
| Library of Congress Classification | Main Collection | ARRUPE LIBRARY | ARRUPE LIBRARY | Main Collection | 12/04/2017 | 1 | DT957.H17 1972 | 46500024392 | 03/10/2018 | 12/04/2017 | Monograph ( Printed materials) | 26/09/2018 | 2 | ||||
| Library of Congress Classification | SPECIAL Collection | ARRUPE LIBRARY | ARRUPE LIBRARY | REFERENCE | 01/02/2019 | SPC. DT957.H17 1972 | 46600003577 | 01/02/2019 | 01/02/2019 | SPC |